Statistics for Where Are They - Landmarks #4

Click here to take the quiz!

General Stats

  • This quiz has been taken 49 times
  • The average score is 4 of 10

Answer Stats

HintAnswer% Correct
Brandenburg Gate, Reichstag, * Television TowerBerlin
98%
Ulster Hall, St Anne's Cathedral, Crumlin Road GaolBelfast
58%
Suomenlinna, Sibelius Monument, Uspenski CathedralHelsinki
58%
Quinta de Bolivar, Catedral Primada, Plaza de BolívarBogota
47%
Rock & Roll Hall of Fame, West Side Market, Great Lakes Science CenterCleveland
42%
Mauritshuis, Ridderzaal, BinnenhofThe Hague
26%
Azadi Tower, Golestan Palace, The Tabi'at BridgeTehran
21%
Monumen Nasional, Masjid Istiqlal, Sunda KelapaJakarta
19%
Lalbagh Fort, Ahsan Manzil, Tara MasjidDhaka
2%
Lekki Conservation Centre, Tafawa Balewa Square, Freedom Park * Lagos
2%

Score Distribution

Percentile by Number Answered

Percent of People with Each Score

Your Score History

You have not taken this quiz